<?xml version="1.0" encoding="UTF-8"?><?xml-stylesheet type="text/xsl" href="static/style.xsl"?><OAI-PMH xmlns="http://www.openarchives.org/OAI/2.0/" xmlns:xsi="http://www.w3.org/2001/XMLSchema-instance" xsi:schemaLocation="http://www.openarchives.org/OAI/2.0/ http://www.openarchives.org/OAI/2.0/OAI-PMH.xsd"><responseDate>2026-04-14T05:12:51Z</responseDate><request verb="GetRecord" identifier="oai:www.recercat.cat:2072/489394" metadataPrefix="marc">https://recercat.cat/oai/request</request><GetRecord><record><header><identifier>oai:recercat.cat:2072/489394</identifier><datestamp>2026-03-29T19:12:20Z</datestamp><setSpec>com_2072_98</setSpec><setSpec>col_2072_378194</setSpec></header><metadata><record xmlns="http://www.loc.gov/MARC21/slim" xmlns:dcterms="http://purl.org/dc/terms/" xmlns:xsi="http://www.w3.org/2001/XMLSchema-instance" xmlns:doc="http://www.lyncode.com/xoai" xsi:schemaLocation="http://www.loc.gov/MARC21/slim http://www.loc.gov/standards/marcxml/schema/MARC21slim.xsd">
   <leader>00925njm 22002777a 4500</leader>
   <datafield ind2=" " ind1=" " tag="042">
      <subfield code="a">dc</subfield>
   </datafield>
   <datafield ind2=" " ind1=" " tag="720">
      <subfield code="a">Herrador-Valencia, Doribel</subfield>
      <subfield code="e">author</subfield>
   </datafield>
   <datafield ind2=" " ind1=" " tag="720">
      <subfield code="a">Boada, Martí</subfield>
      <subfield code="e">author</subfield>
   </datafield>
   <datafield ind2=" " ind1=" " tag="260">
      <subfield code="c">2008</subfield>
   </datafield>
   <datafield ind2=" " ind1=" " tag="520">
      <subfield code="a">En El Salvador la gestión de ENP es centralizada a nivel gubernamental y una de sus características ha sido el predominio de un enfoque tradicional que considera incompatible la conservación con actividades humanas. El Área Natural de Cinquera alberga un bosque secundario producto de regeneración natural en tierras agrícolas abandonadas durante el conflicto armado que vivió el país. En la postguerra, los repobladores se plantean la conservación del área natural que para el territorio tiene un valor histórico y ecológico invaluable, iniciando la gestión bajo un modelo alternativo aún en construcción, que intenta combinar objetivos de conservación y desarrollo endógeno y que vislumbra un nuevo rumbo en la gestión de áreas naturales en El Salvador.</subfield>
   </datafield>
   <datafield ind2=" " ind1=" " tag="520">
      <subfield code="a">In El Salvador, management of natural areas is centralized at the government level. One of its characteristics has been the predominance of a traditional approach that considers conservation and human activities as incompatible. The Natural Area of Cinquera includes secondary forest which is the product of natural regeneration in agricultural land that was abandoned during the armed conflict that occurred in the country. In the postwar period, the new populators are proposing the conservation of the natural area, which is historically and ecologically invaluable for the territory, under a new model that is still under construction which attempts to combine the objectives of conservation and endogenous development. This new model foresees a new route in the management of natural areas in El Salvador.</subfield>
   </datafield>
   <datafield ind1="8" ind2=" " tag="024">
      <subfield code="a">https://hdl.handle.net/2072/489394</subfield>
   </datafield>
   <datafield tag="653" ind2=" " ind1=" ">
      <subfield code="a">El Salvador</subfield>
   </datafield>
   <datafield tag="653" ind2=" " ind1=" ">
      <subfield code="a">Cinquera</subfield>
   </datafield>
   <datafield tag="653" ind2=" " ind1=" ">
      <subfield code="a">Gestión de áreas naturales</subfield>
   </datafield>
   <datafield tag="653" ind2=" " ind1=" ">
      <subfield code="a">Conservación-desarrollo</subfield>
   </datafield>
   <datafield tag="653" ind2=" " ind1=" ">
      <subfield code="a">Participación ciudadana</subfield>
   </datafield>
   <datafield tag="653" ind2=" " ind1=" ">
      <subfield code="a">Management of natural areas</subfield>
   </datafield>
   <datafield tag="653" ind2=" " ind1=" ">
      <subfield code="a">Conservation-development</subfield>
   </datafield>
   <datafield tag="653" ind2=" " ind1=" ">
      <subfield code="a">Citizen participation</subfield>
   </datafield>
   <datafield ind2="0" ind1="0" tag="245">
      <subfield code="a">Nuevos modelos de gestión de espacios naturales en El Salvador como resultado de la postguerra : el caso del Área Natural de Cinquera</subfield>
   </datafield>
</record></metadata></record></GetRecord></OAI-PMH>